000 00367 a2200157 4500
001 155144
040 _cEscola São Tomás de Aquino
100 _aMOCELLIN, Renato
240 1 0 _aPassaporte para a História
_lpor
245 1 0 _aPassaporte para a História
300 _a334
362 0 _a2009
440 1 _aEditora do Brasil
697 _aHISTÓRIA
942 _cBK
999 _c155144
_d155144